| 000 | 00349nam a2200109Ia 4500 | ||
|---|---|---|---|
| 008 | 220204s9999 xx 000 0 und d | ||
| 082 |
_a659.3 + 301 _bOST |
||
| 245 | 0 | _aCommunication and social interaction: Clinical and therapeutic aspects of human behaviour | |
| 260 |
_aNew York _bGrune and Shatton _c1977 |
||
| 700 | _aOstwald, Peter F | ||
| 942 | _cBK | ||
| 999 |
_c33743 _d33743 |
||